La cuestión de los animales (Record no. 13094)

MARC details
000 -LEADER
campo de control de longitud fija 00625nam a2200217 i 4500
001 - NÚMERO DE CONTROL
campo de control 13094
003 - IDENTIFICADOR DE NÚMERO DE CONTROL
campo de control ES-MaACL
005 - FECHA Y HORA DE LA ÚLTIMA TRANSACCIÓN
campo de control 20230906150505.0
007 - CAMPO FIJO DE DESCRIPCIÓN FÍSICA--INFORMACIÓN GENERAL
campo de control de longitud fija t|
008 - DATOS DE LONGITUD FIJA--INFORMACIÓN GENERAL
campo de control de longitud fija 971125s1997 xxk ||||1| spa d
020 ## - NÚMERO INTERNACIONAL ESTÁNDAR DEL LIBRO
Número Internacional Estándar del Libro 0-521-47834-0
080 ## - NÚMERO DE LA CLASIFICACIÓN DECIMAL UNIVERSAL
Número de la Clasificación Decimal Universal 17
080 ## - NÚMERO DE LA CLASIFICACIÓN DECIMAL UNIVERSAL
Número de la Clasificación Decimal Universal 502.74
100 1# - ENTRADA PRINCIPAL--NOMBRE DE PERSONA
Nombre de persona Carruthers, Peter.
9 (RLIN) 35854
245 13 - MENCIÓN DEL TÍTULO
Título La cuestión de los animales
Resto del título : teoría de la moral aplicada /
Mención de responsabilidad, etc. Peter Carruthers.
250 ## - MENCION DE EDICION
Mención de edición 1ª ed. en esp.
260 ## - PUBLICACIÓN, DISTRIBUCIÓN, ETC.
Lugar de publicación, distribución, etc. Cambridge :
Nombre del editor, distribuidor, etc. University Press,
Fecha de publicación, distribución, etc. cop. 1995.
300 ## - DESCRIPCIÓN FÍSICA
Extensión XII, 246 p. ;
Dimensiones 22 cm.
650 14 - PUNTO DE ACCESO ADICIONAL DE MATERIA--TÉRMINO DE MATERIA
Término de materia o nombre geográfico como elemento de entrada Animales-
Subdivisión general Derechos.
9 (RLIN) 9834
852 ## - LOCALIZACIÓN
Ubicación ES-MaACL
Número de control de estantería L-20376
Sublocalización o colección R.125252
Holdings
Estatus retirado Estado de pérdida Estado de daño No para préstamo Biblioteca de origen Biblioteca actual Ubicación en estantería Fecha de adquisición Fuente de adquisición Total de préstamos Signatura topográfica completa Código de barras Visto por última vez Precio de reemplazo Tipo de ítem Koha
        Biblioteca del Ateneo de Madrid Biblioteca del Ateneo de Madrid Depósito 2 17/01/2008     L-20376 1013334 23/02/2023 23/02/2023 Libro impreso